"Dosahovanie cieľov Agendy 2030 udržateľného rozvoja pod vplyvom celosvetovej pandémie COVID-19 KEGA č. 035EU-4/2022" zborník recenzovaných príspevkov z medzinárodného vedeckého workshopu

Na minha lista:
Detalhes bibliográficos
Corporate Authors: Dosahovanie cieľov Agendy 2030 udržateľného rozvoja pod vplyvom celosvetovej pandémie COVID-19 KEGA č. 035EU-4/2022. Medzinárodný vedecký workshop, Podnikovohospodárska fakulta EU so sídlom v Košiciach. Katedra ekonómie a manažmentu, Faculty of Mechanical Engineering and Aeronautics. Department of Manufacturing Processes and Production Engineering
Outros Autores: Dugas, Jaroslav, 1967-, Ferencz, Vojtech, Kršák, Branislav
Formato: Livro
Idioma:eslovaco
inglês
polonês
Publicado em: Bratislava Vydavateľstvo EKONÓM 2023
Edição:1. vydanie
Assuntos:
Tags: Adicionar Tag
Sem tags, seja o primeiro a adicionar uma tag!

MARC

LEADER 00000nam a2200000 4500
001 0298564
005 20240123101658.0
020 |a 978-80-225-5095-6 
041 0 |a slo 
041 0 |a eng 
041 0 |a pol 
044 |a SK 
245 1 0 |a "Dosahovanie cieľov Agendy 2030 udržateľného rozvoja pod vplyvom celosvetovej pandémie COVID-19 KEGA č. 035EU-4/2022"  |b zborník recenzovaných príspevkov z medzinárodného vedeckého workshopu  |c editor zborníka: Jaroslav Dugas ; recenzenti: Vojtech Ferencz, Branislav Kršák 
250 |a 1. vydanie 
264 1 |a Bratislava  |b Vydavateľstvo EKONÓM  |c 2023 
300 |a 60 s. 
610 2 0 |a rozvoj trvalo udržateľný 
610 2 0 |a udržateľnosť 
610 2 0 |a pandémia 
610 2 0 |a koronavírus 
610 2 0 |a riadenie podnikové 
700 1 |a Dugas, Jaroslav, 1967- 
700 1 |a Ferencz, Vojtech 
700 1 |a Kršák, Branislav 
110 2 |a Dosahovanie cieľov Agendy 2030 udržateľného rozvoja pod vplyvom celosvetovej pandémie COVID-19 KEGA č. 035EU-4/2022. Medzinárodný vedecký workshop 
710 2 |a Podnikovohospodárska fakulta EU so sídlom v Košiciach. Katedra ekonómie a manažmentu 
710 2 |a Faculty of Mechanical Engineering and Aeronautics. Department of Manufacturing Processes and Production Engineering